| 000 | 01963cam a2200265 a 4500 | ||
|---|---|---|---|
| 001 | 2290 | ||
| 005 | 20231115110951.0 | ||
| 020 | _a0736810862 | ||
| 020 | _a9780736845229 | ||
| 040 |
_aDLC _cDLC _dDLC _beng |
||
| 050 | 0 | 0 |
_aE457.905 _b.O24 2002 |
| 082 | 0 | 0 |
_a973.7/092 _aB _221 |
| 100 | 1 | _aOberle, Lora Polack | |
| 245 | 1 | 0 |
_aAbraham Lincoln / _cby Lora Oberle ; consultant, Steven M. Wilson. |
| 260 |
_aNorth Mankato : _bBridgestone Books, _c2002 |
||
| 300 |
_a48 pages : _bIllustrations _c25 cm |
||
| 505 | _aR | ||
| 520 | _aThis book is a dedication to the 16th President and commander-in-chief of the United States of America: Abraham Lincoln. To show how respected and influential President Lincoln was, before, during, and after his reign and tenure as President, this book traces a genealogical line through his life, death, and legacy.To begin, this book explores Lincoln's childhood and some of the experiences and events that may have had a hand in him becoming one of the most famous American presidents.Moving forward, this book includes chapters that each touch on and highlight topics such as Lincoln's entrance into the political arena, memorable moments from the Lincoln presidency, and the controversy of his death.The final chapter includes and explores the legacy Abraham Lincoln left behind, both for his family and for the American people, not to mention people worldwide who remain to be influenced by his words and actions.Ultimately, this book shows and explores the reasons why President Abraham Lincoln is remembered to be one of the greatest presidents of the United States of America, and why his death was such a shock, trauma, and tragedy for those who truly believed in his greatness. | ||
| 521 |
_a800 _bLexile estimate |
||
| 521 |
_aR _bRaz-Plus |
||
| 650 | 0 |
_aPresidents _zUnited States _vBiography _vJuvenile literature. |
|
| 650 | 1 | _aPresidents. | |
| 906 |
_a7 _bcbc _corignew _d1 _eecip _f20 _gy-gencatlg |
||
| 942 |
_2ddc _cBK _n0 |
||
| 999 |
_c2290 _d2290 |
||